书目信息 |
| 题名: |
操作系统考试指导
|
|
| 作者: | 毛红梅 主编 | |
| 分册: | ||
| 出版信息: | 西安 西北工业大学出版社 2006.11 |
|
| 页数: | 146页 | |
| 开本: | 23cm | |
| 丛书名: | 普通高校专升本丛书 | |
| 单 册: | ||
| 中图分类: | TP316 | |
| 科图分类: | ||
| 主题词: | 操作系统--cao zuo xi tong--高等学校--教学参考资料 | |
| 电子资源: | ||
| ISBN: | 7-5612-2163-0 | |
| 000 | 01048nam 2200265 450 | |
| 001 | 012008945303 | |
| 005 | 20080516080435.10 | |
| 010 | @a7-5612-2163-0@dCNY14.00 | |
| 100 | @a20080516d2006 em y0chiy0120 ea | |
| 101 | 0 | @achi |
| 102 | @aCN@b610000 | |
| 105 | @aa a 000yy | |
| 106 | @ar | |
| 200 | 1 | @a操作系统考试指导@Acao zuo xi tong kao shi zhi dao@f毛红梅主编@Fmao hong mei zhu bian |
| 210 | @a西安@c西北工业大学出版社@d2006.11 | |
| 215 | @a146页@c图@d23cm | |
| 225 | 2 | @a普通高校专升本丛书@Apu tong gao xiao zhuan sheng ben cong shu |
| 320 | @a有书目。 | |
| 330 | @a本书是结合操作系统主流教材,指导学生学习、练习及考试的辅导用书。本书共分9章,每章按其内容和教学进度分为若干节,每节分为四部分,第一部分为基本知识点,第二部分为典型题分析,第三部分为同步练习题,第四部分为同步练习题参考解答。 | |
| 410 | 0 | @12001 @a普通高校专升本丛书 |
| 606 | 0 | @a操作系统@Acao zuo xi tong@x高等学校@j教学参考资料 |
| 690 | @aTP316@v4 | |
| 701 | 0 | @a毛红梅@Amao hong mei@4主编 |
| 801 | 0 | @aCN@bQSSK@c20080516 |
| 905 | @b712658-60@dTP316@eM342@f3 | |
| 操作系统考试指导/毛红梅主编.-西安:西北工业大学出版社,2006.11 |
| 146页:图;23cm.-(普通高校专升本丛书) |
| ISBN 7-5612-2163-0:CNY14.00 |
| 本书是结合操作系统主流教材,指导学生学习、练习及考试的辅导用书。本书共分9章,每章按其内容和教学进度分为若干节,每节分为四部分,第一部分为基本知识点,第二部分为典型题分析,第三部分为同步练习题,第四部分为同步练习题参考解答。 |
| ● |
| 相关链接 |
|
|
|
正题名:操作系统考试指导
索取号:TP316/M342
 
预约/预借
| 序号 | 登录号 | 条形码 | 馆藏地/架位号 | 状态 | 备注 |
| 1 | 712658 | 207126581 | 自科库301/301自科库 57排4列4层/ [索取号:TP316/M342] | 在馆 | |
| 2 | 712659 | 207126590 | 自科库301/301自科库 57排4列4层/ [索取号:TP316/M342] | 在馆 | |
| 3 | 712660 | 207126607 | 自科二线404/404自科库 12排5列3层/ [索取号:TP316/M342] | 在馆 |